El pensamiento social y económico de Esteban Echeverría. / (Record no. 11078)

MARC details
000 -LEADER
fixed length control field 00820nam a22002417a 4500
008 - FIXED-LENGTH DATA ELEMENTS--GENERAL INFORMATION
fixed length control field 250903b ||||| |||| 00| 0 spa d
040 ## - CATALOGING SOURCE
Original cataloging agency AR-FvUNAJ
Modifying agency AR-FvUNAJ
Description conventions aacr2
082 14 - DEWEY DECIMAL CLASSIFICATION NUMBER
Edition number 14
Classification number 982
100 1# - MAIN ENTRY--PERSONAL NAME
9 (RLIN) 21886
Personal name Popescu, Oreste
245 13 - TITLE STATEMENT
Title El pensamiento social y económico de Esteban Echeverría. /
Statement of responsibility, etc Oreste Popescu.
260 ## - PUBLICATION, DISTRIBUTION, ETC. (IMPRINT)
Place of publication, distribution, etc Buenos Aires :
Name of publisher, distributor, etc Editorial Americana,
Date of publication, distribution, etc 1954.
300 ## - PHYSICAL DESCRIPTION
Extent 259 p.
440 ## - SERIES STATEMENT/ADDED ENTRY--TITLE
9 (RLIN) 21887
Title Colección Historia y tradición argentinas
600 10 - SUBJECT ADDED ENTRY--PERSONAL NAME
9 (RLIN) 3367
Personal name Echeverría, Esteban,
Dates associated with a name 1805-1851
650 #0 - SUBJECT ADDED ENTRY--TOPICAL TERM
9 (RLIN) 933
Topical term or geographic name as entry element HISTORIA DE LAS IDEAS
650 #0 - SUBJECT ADDED ENTRY--TOPICAL TERM
9 (RLIN) 1234
Topical term or geographic name as entry element FILOSOFIA POLITICA
650 #0 - SUBJECT ADDED ENTRY--TOPICAL TERM
9 (RLIN) 1002
Topical term or geographic name as entry element POLITICA SOCIAL
650 #0 - SUBJECT ADDED ENTRY--TOPICAL TERM
9 (RLIN) 1380
Topical term or geographic name as entry element SOCIALISMO
650 #0 - SUBJECT ADDED ENTRY--TOPICAL TERM
9 (RLIN) 812
Topical term or geographic name as entry element LIBERALISMO
650 #0 - SUBJECT ADDED ENTRY--TOPICAL TERM
9 (RLIN) 524
Topical term or geographic name as entry element ECONOMIA
942 ## - ADDED ENTRY ELEMENTS (KOHA)
Source of classification or shelving scheme Dewey Decimal Classification
Item type Libro, folleto, traducción
980 ## - EQUIVALENCE OR CROSS-REFERENCE-SERIES STATEMENT--PERSONAL NAME/TITLE [LOCAL, CANADA]
Linkage 2
Personal name Virginia Figueroa
Field link and sequence number 2
Miscellaneous information Virginia Figueroa
Holdings
Withdrawn status Lost status Source of classification or shelving scheme Damaged status Not for loan Home library Current library Date acquired Source of acquisition Full call number Barcode Date last seen Price effective from Koha item type
    Dewey Decimal Classification     Biblioteca Central Biblioteca Central 03/09/2025 Donación 982 POP UNAJ25090013 03/09/2025 03/09/2025 Libro, folleto, traducción

Lunes a Viernes 8:30 a 19:00 hs. Cerrado por mudanza
Av.Calchaqui 6200 Florencio Varela (CP188) 2°piso Edificio Mosconi Aula 209-210
Mail: bibliotecacentralunaj@gmail.com  
Whatsapp(54 9)1122668024    ❔Pregunte a la bibliotecaria
© Universidad Nacional Arturo Jauretche | Secretaría Académica | Biblioteca Central UNAJ